Central Library OPAC University of Rajshahi

Character and motive in Shakespeare : (Record no. 18274)

MARC details
000 -LEADER
fixed length control field 00718nam a2200217 a 4500
001 - CONTROL NUMBER
control field 18274
003 - CONTROL NUMBER IDENTIFIER
rucl marc code BD-RjUL
005 - DATE AND TIME OF LATEST TRANSACTION
control field 20211209000248.0
008 - FIXED-LENGTH DATA ELEMENTS--GENERAL INFORMATION
fixed length control field 140220s1950 enk 001 0 eng d
035 ## - SYSTEM CONTROL NUMBER
System control number (BD-RjUL)18332
040 ## - CATALOGING SOURCE
Original cataloging agency BD-RjUL
Language of cataloging eng
Transcribing agency BD-RjUL
Modifying agency BD-RjUL
041 ## - LANGUAGE CODE
Language code of text/sound track or separate title eng
082 ## - DEWEY DECIMAL CLASSIFICATION NUMBER
Classification number 822.33
Author mark and year STC 1950
100 1# - MAIN ENTRY--PERSONAL NAME
Personal name Stewart, J. I. M.
Fuller form of name (John Innes Mackintosh),
Dates associated with a name 1906-1994
9 (RLIN) 56264
245 10 - TITLE STATEMENT
Title Character and motive in Shakespeare :
Remainder of title some recent appraisals examined /
Statement of responsibility, etc. by J.I.M. Stewart
260 ## - PUBLICATION, DISTRIBUTION, ETC. (IMPRINT)
Place of publication, distribution, etc. London :
Name of publisher, distributor, etc. Longmans, Green,
Date of publication, distribution, etc. 1950
300 ## - PHYSICAL DESCRIPTION
Pagination 147 p. ;
Size 22 cm
600 10 - SUBJECT ADDED ENTRY--PERSONAL NAME
Personal name Shakespeare, William,
Dates associated with a name 1564-1616
General subdivision Criticism and interpretation.
942 ## - ADDED ENTRY ELEMENTS (KOHA)
Source of classification or shelving scheme Dewey Decimal Classification
Koha item type Books
Holdings
Lost status Source of classification or shelving scheme Damaged status Not for loan Collection code Permanent Location Current Location Shelving location Date acquired Source of acquisition Cost, normal purchase price Total Checkouts Full call number Date last seen Copy number Koha item type
  Dewey Decimal Classification   Not For Loan Fiction Central Library, University of Rajshahi Central Library, University of Rajshahi Reading Room 20/10/1955 Mokurum Book Sellers 10.20   822.33 STC 1950 20/02/2014 C-1 Books